[Event "OWL-EM 2014"]
[Site "?"]
[Date "2014.04.24"]
[Round "1"]
[White "Brinkmann, Andrea"]
[Black "Burova, Julia"]
[Result "1-0"]
[WhiteElo "1759"]
[BlackElo "1395"]
[Annotator "Stockfish Engine"]
[PlyCount "69"]
[SourceDate "2014.04.23"]

{B01: Skandinavische Verteidigung} 1. e4 d5 2. exd5 Qxd5 3. Nc3 Qa5 4. Nf3 Bg4
5. Be2 Nf6 6. h3 Bh5 7. b4 Qb6 {letzter Buchzug} 8. a3 e6 {Deckt d5} 9. d4 c6 {
Es geht um b5} 10. Rb1 Qc7 {Schwarz hat eine gedrückte Stellung} 11. Qd3 Bg6 {
Schwarz droht Materialgewinn: Lg6xd3} 12. Qd1 h6 {Überdeckt g5} 13. Bd3 Bxd3
14. Qxd3 {Schwarz hat eine gedrückte Stellung} Nbd7 15. Ne2 {Weiß hat eine
sehr aktive Stellung} Bd6 16. c4 O-O 17. O-O Rfd8 18. Qc2 {Weiß hat eine
aktive Stellung} Nf8 19. a4 Ng6 20. Be3 a6 21. a5 {Weiß will den Gegner
einengen} Rd7 22. Qb3 Nf4 {Schwarz droht Materialgewinn: Sf4xe2} (22... Re8 23.
Nc3 $11) 23. Nc3 {Weiß hat eine aktive Stellung} Ng6 24. Na4 Rb8 25. Nb6 {Weiß
droht Materialgewinn: Sb6xd7} Rdd8 26. Na4 Ne7 (26... Rd7 27. Bc1 $14) 27. d5 (
27. Rfe1 $142 $14) 27... Qd7 $4 {danach wendet sich das Blatt} (27... cxd5 $142
{hätte die Partie gerettet} 28. Bb6 Qxc4 29. Qxc4 dxc4 30. Bxd8 Rxd8 $11) 28.
c5 $18 Nfxd5 29. cxd6 Nxe3 $4 {schlecht aber verständlich} (29... Qxd6 30. Bd4
Ng6 31. Rfe1 $18) 30. Qxe3 (30. dxe7 $142 {sichert den Gewinn} Nxf1 31. exd8=Q+
(31. Rxf1 $6 Qxe7 32. g3 Rd5 $11) 31... Rxd8 32. Rxf1 $18) 30... Qxd6 31. Nc5
Nd5 32. Qe5 Qe7 33. Rfd1 Qd6 $2 (33... Rbc8 $142 $18) 34. Qxd6 Rxd6 35. Ne5 1-0

[Event "OWL-EM 2014"]
[Site "?"]
[Date "2014.04.24"]
[Round "1"]
[White "Preiß, Lore"]
[Black "Schrader, Elanor"]
[Result "1-0"]
[WhiteElo "1481"]
[BlackElo "1750"]
[Annotator "Stockfish Engine"]
[PlyCount "97"]
[SourceDate "2014.04.23"]

{D03: Damenbauernspiele} 1. d4 Nf6 2. Nf3 e6 3. Bg5 c5 4. c3 d5 5. e3 Nc6 6.
Nbd2 cxd4 7. exd4 Be7 8. Bd3 {letzter Buchzug} O-O 9. O-O a6 {Befestigt b5} 10.
h3 {Punkt g4} b5 11. Re1 Bb7 12. Bc2 (12. b4 Qc7 $14) 12... Rc8 13. Rc1 b4 14.
Bb1 bxc3 15. Rxc3 h6 {Schwarz droht Materialgewinn: h6xg5} 16. Bh4 Nh5 (16...
Re8 17. Qb3 Qd7 18. Ne5 Nxe5 19. dxe5 $14) 17. Bxe7 (17. Qc2 g6 18. Bxe7 Qxe7
$16) 17... Qxe7 $14 18. Nb3 Nf6 19. a3 {Weiß hat eine aktive Stellung} (19. Nc5
Ba8 $14) 19... Nd7 (19... Ne4 $5 $11) 20. Qd3 $16 g6 21. Qe3 Kg7 22. Nc5 Nxc5
23. Rxc5 {Der Turm hat sein Ziel erreicht} Kh7 24. Rec1 Rfe8 25. Nh2 Qg5 (25...
Qf6 26. Ng4 Qg7 27. f4 $16) 26. Ng4 (26. Qxg5 $5 hxg5 27. Nf3 $16) 26... Qxe3
$14 27. fxe3 ({Schwächer scheint} 27. Nxe3 Nxd4 28. Rc7 Kg7 $17) 27... Kg7 28.
Bd3 h5 {Schwarz droht Materialgewinn: h5xg4} 29. Nh2 e5 30. Bxa6 {Ablenkung: a6
} (30. Rxd5 {ist schnell zu verwerfen} Nb4 31. Rxc8 Rxc8 $19) 30... Bxa6 31.
Rxc6 Rxc6 (31... exd4 32. Rxc8 Bxc8 33. exd4 $14) 32. Rxc6 $16 Bc4 33. dxe5
Rxe5 (33... Rb8 34. Rc7 Rxb2 35. e6 $18) 34. Kf2 $18 Re8 35. Rb6 $4 {danach
kann Weiß alle Träume begraben} (35. Rc5 $142 $18) 35... Re6 $4 {vergibt den
Vorteil} (35... d4 $142 {bringt noch Rettung} 36. exd4 Re2+ 37. Kg3 h4+ 38. Kf3
Rd2 $11) 36. Rxe6 $18 fxe6 37. Nf3 Kf6 38. b4 Bb5 39. Nd4 Ba6 (39... Bd7 $18)
40. b5 Bb7 (40... Bc8 41. Nc6 g5 $18) 41. a4 Ke7 42. a5 e5 43. Nb3 (43. a6 Bc8
44. Nb3 $18) 43... d4 44. exd4 exd4 45. Nxd4 (45. a6 $142 {wäre im Gewinnsinne
präziser} Bc8 46. Nc5 Kd6 $18) 45... Kd7 46. a6 Bd5 47. b6 Kc8 48. Nb5 Bc4 49.
Nd6+ (49. Nd6+ Kb8 50. Nxc4 h4 51. Na5 g5 52. Nc6+ Kc8 53. b7+ Kd7 54. a7 g4
55. b8=Q g3+ 56. Ke3 Kxc6 57. a8=Q+ Kd7 58. Qd8+ Ke6 59. Qad5#) 1-0

[Event "OWL-EM 2014"]
[Site "?"]
[Date "2014.04.24"]
[Round "1"]
[White "Rathmann, Marta"]
[Black "Schwarze, Marianne"]
[Result "1/2-1/2"]
[WhiteElo "1225"]
[BlackElo "1406"]
[Annotator "Stockfish Engine"]
[PlyCount "99"]
[SourceDate "2014.04.23"]

{D02: Damenbauernspiele} 1. d4 d5 2. Nf3 e6 3. Bf4 Nc6 {letzter Buchzug} 4. c3
{Verwehrt dem Gegner b4} Nf6 5. e3 a6 {Kontrolliert b5} 6. Bd3 h6 {Sichert g5}
7. O-O Bd6 8. Qc2 Nh5 9. Bg3 f5 10. Qe2 (10. Bxd6 cxd6 11. c4 Nf6 $14) 10...
Nf6 (10... Nxg3 11. fxg3 O-O 12. Nbd2 $11) 11. Nbd2 Qe7 12. Be5 Bxe5 13. Nxe5 (
{Und nicht} 13. dxe5 Nd7 $15) 13... Nxe5 14. dxe5 Nd7 {Schwarz droht
Materialgewinn: Sd7xe5} 15. Qh5+ Qf7 16. Qxf7+ Kxf7 17. f4 c5 (17... Nc5 18.
Be2 $11) 18. b3 (18. c4 $5 $14) 18... b5 $11 19. Be2 g6 {Der Gegner darf nicht
nach h5} (19... Bb7 20. a4 Bc6 21. axb5 axb5 22. b4 $11) 20. Rac1 (20. a4 bxa4
21. Rxa4 Rd8 $16) 20... Nb6 (20... c4 21. b4 $11) 21. Nf3 Bb7 22. Nh4 Rad8 23.
a3 (23. h3 Rhg8 $11) 23... Rdg8 (23... Rhg8 24. Nf3 $15) 24. g3 (24. Kf2 Bc6
$11) 24... Ke7 $15 25. Nf3 g5 {Schwarz packt die Bauernkette an der Wurzel} 26.
b4 {Weiß droht Materialgewinn: b4xc5} Nd7 27. Bd1 (27. Ra1 Bc6 $15) 27... g4 {
Schwarz droht Materialgewinn: g4xf3} 28. Ne1 c4 (28... h5 $142 $5 $17) 29. Nc2
h5 30. Nd4 h4 {Spiel gegen die Bauernkette} 31. Ne2 (31. a4 $142 $11 {sieht
noch spielbar aus}) 31... hxg3 $19 32. Nxg3 Rh3 33. Rf2 Rgh8 34. Bc2 $4 {ein
Fehler in schlechter Stellung} (34. Rd2 $142 $17) 34... Nf8 (34... d4 $142 {
und Schwarz hätte es noch leichter} 35. e4 d3 36. Re1 dxc2 37. Rxc2 $19) 35.
Re1 (35. Bxf5 {ändert nichts am Ausgang der Partie} d4 36. e4 exf5 37. Nxf5+
Kd7 $19) 35... Ng6 (35... d4 $142 $5 {damit würde Schwarz es sich noch
erleichtern} 36. e4 d3 37. Bd1 $19) 36. Bxf5 (36. Rfe2 d4 $1 {Ablenkung: d4}
37. Bxf5 exf5 38. Nxf5+ Kf8 39. exd4 Nxf4 40. e6 Nxe2+ 41. Rxe2 $19) 36...
Rxg3+ 37. hxg3 exf5 {Schwarz gewinnt die Qualität.} 38. Rh2 Kf7 39. Rxh8 Nxh8
40. Kf2 Kg7 41. Rd1 Ng6 42. Ra1 Ne7 43. a4 {Greift die Basis der Bauernkette an
} Bc6 44. axb5 Bxb5 45. Rh1 Be8 46. Ra1 {Weiß droht Materialgewinn: Ta1xa6} Bb5
47. Rh1 {Zweifache Stellungswiederholung} Kg6 48. Rh8 (48. Ke2 Kg7 $11) 48...
Kf7 $4 {wirft den Vorteil weg} (48... d4 $142 49. exd4 Nd5 $17) 49. Rh7+ Ke6
50. Rh6+ 1/2-1/2

[Event "OWL-EM 2014"]
[Site "?"]
[Date "2014.04.24"]
[Round "2"]
[White "Rathmann, Marta"]
[Black "Brinkmann, Andrea"]
[Result "0-1"]
[WhiteElo "1225"]
[BlackElo "1759"]
[Annotator "Stockfish Engine"]
[PlyCount "64"]
[SourceDate "2014.04.23"]

{D02: Damenbauernspiele} 1. d4 d5 2. Nf3 Nc6 3. Bf4 Nf6 4. e3 Bg4 5. Be2 {
letzter Buchzug} g6 (5... e6 6. h3 Bf5 7. O-O $11) 6. O-O Bg7 (6... Nh5 7. Bg5
$14) 7. Nc3 (7. h3 Bxf3 8. Bxf3 O-O $16) 7... a6 {Nimmt Einfluß auf b5} 8. Qd2
(8. h3 Bf5 $14) 8... O-O 9. Rfe1 (9. h3 Bf5 $11) 9... Re8 (9... Ne4 10. Qd1 $11
) 10. Ne5 {Weiß droht Materialgewinn: Se5xg4} Bd7 (10... Bxe2 $142 11. Nxc6
bxc6 12. Rxe2 e6 $11) 11. Na4 $4 {gibt den Vorteil aus der Hand} (11. Bf3 $142
$14 {und Weiß spielt mit}) 11... Nxe5 (11... Ne4 12. Nxc6 Bxc6 $19 (12... Nxd2
{ist naheliegend und schlecht} 13. Nxd8 Raxd8 14. Nc5 $16)) 12. dxe5 $17 Bxa4
13. exf6 Bxf6 14. c3 e5 15. Bg3 d4 16. e4 (16. b3 Bc6 17. cxd4 exd4 18. exd4
Qxd4 19. Qxd4 Bxd4 $17) 16... c5 (16... Bg5 17. f4 exf4 18. Bxf4 dxc3 19. Qxd8
Bxd8 20. bxc3 Rxe4 21. Bg3 $19) 17. c4 Bc6 18. f3 b5 19. b4 (19. Bd3 $142 $19)
19... Bg5 20. Qb2 $6 {wehrt sich kaum} (20. Qc2 cxb4 21. Reb1 $19) 20... Be3+
21. Kf1 (21. Bf2 {ist vielleicht ein Schwindelversuch} Bxf2+ 22. Kxf2 $19)
21... d3 22. Bd1 (22. Bxd3 {hilft allerdings auch nicht} Qxd3+ 23. Qe2 Qxe2+
24. Rxe2 Bd4 $19) 22... Bd4 23. Qb1 bxc4 24. bxc5 (24. a4 {macht keinen großen
Unterschied} Rb8 25. Ra2 Rxb4 $19) 24... Qa5 25. Bf2 Bxa1 (25... Rab8 $142 {
ließe Weiß keine Chance} 26. Bb3 Bxa1 27. Qxa1 $19) 26. Qxa1 c3 27. Bb3 (27.
Re3 {hilft auch nicht mehr} Red8 28. Be1 d2 29. Qxc3 Bb5+ 30. Kf2 Qxa2 $19)
27... c2 (27... Rab8 $142 {ist der schnellste Weg} 28. Be3 d2 29. Kg1 dxe1=Q+
30. Qxe1 $19) 28. Rc1 Rad8 29. Bxc2 dxc2 30. Be1 (30. Rxc2 {die letzte
Gegenchance} Qa4 31. Qb2 Bb5+ 32. Ke1 $19) 30... Qxc5 31. Bc3 Bb5+ 32. Ke1 Qe3#
(32... Qg1#) 0-1

[Event "OWL-EM 2014"]
[Site "?"]
[Date "2014.04.24"]
[Round "2"]
[White "Schwarze, Marianne"]
[Black "Preiß, Lore"]
[Result "1-0"]
[WhiteElo "1406"]
[BlackElo "1481"]
[Annotator "Stockfish Engine"]
[PlyCount "100"]
[SourceDate "2014.04.23"]

{C01: Französische Verteidigung (Abtauschvariante)} 1. e4 e6 2. Nf3 Be7 3. d4
d5 4. exd5 exd5 {letzter Buchzug.} 5. Be3 Bg4 6. Be2 Nf6 7. c3 {Verhindert das
Eindringen auf b4} O-O {Schwarz rochiert und verbessert damit die
Königssicherheit} 8. h3 {Weiß droht Materialgewinn: h3xg4} Bh5 9. O-O {Weiß
rochiert und verbessert damit die Königssicherheit} Nbd7 10. Nbd2 Re8 11. Rc1
Bd6 12. Qb3 b6 (12... c5 $5 $11 {ist vielleicht stärker}) 13. Bb5 $14 c5 14.
dxc5 (14. c4 $142 $5 $14 {ist zu beachten}) 14... bxc5 $15 15. Bxd7 (15. Qa4
$142 $5 $15 {ist eine Alternative}) 15... Qxd7 $17 16. Rfe1 Rab8 17. Qa3 Rec8 (
17... Ne4 18. c4 d4 19. Nxe4 Rxe4 20. Bd2 Rxe1+ 21. Rxe1 Bxf3 22. Qxf3 Rxb2 23.
Qa8+ Rb8 24. Qd5 $19) 18. b3 $2 (18. c4 Rb4 19. Bg5 Ra4 $17) 18... Rb7 (18...
d4 19. Bg5 Nd5 20. cxd4 $19) 19. Qb2 (19. b4 cxb4 20. cxb4 Rxc1 21. Rxc1 Bxb4
$15) 19... a5 {Schwarz hat eine aktive Stellung} (19... h6 20. Nh4 g5 21. Nhf3
$17) 20. Bg5 (20. Nh4 a4 $15) 20... Ne8 21. Qa1 (21. Bh4 f6 $17) 21... h6 (
21... a4 22. Bh4 $17) 22. Bh4 g5 (22... a4 $5 $17) 23. Bg3 $15 Bxg3 24. fxg3
Qd6 25. g4 Bg6 26. Ne5 Ng7 (26... Bh7 $5 $15 {ist bedenkenswert}) 27. Nxg6 $14
Qxg6 28. Nf3 Qd6 29. Rcd1 Rd8 30. Qc1 Ne6 31. Qd2 Qg3 32. Qf2 Qxf2+ 33. Kxf2
Kf8 34. g3 {Überdeckt f4} Rbd7 35. Ne5 Rd6 36. Kg2 Kg7 37. Rf1 {[%cal Re5f7,
Rf1f7,Gg7f7] Der rückständige Bauer f7 wird angegriffen. Weiß droht
Materialgewinn: Tf1xf7} f6 {Schwarz droht Materialgewinn: f6xe5} 38. Nf3 d4 39.
cxd4 cxd4 {Schwarz hat einen neuen Freibauern: d4.} 40. Nd2 Rd5 41. Ne4 {[%cal
Re4f6,Rf1f6,Gg7f6] Richtet die Aufmerksamkeit auf den rückständigen Bauern.
Weiß droht Materialgewinn: Se4xf6} Rf8 (41... Re5 $5 {sieht gut aus} 42. Nxf6
Re2+ 43. Kg1 d3 44. Nh5+ Kg6 45. Rf6+ Kh7 $11) 42. Rf5 $14 {Der Turm steht
aktiv} Re5 43. Kf3 (43. Rxe5 fxe5 44. Rc1 d3 $14) 43... Kg6 44. Nd6 Rd8 {
Schwarz droht Materialgewinn: Td8xd6} 45. Nc4 {Weiß droht Materialgewinn:
Sc4xe5} Rdd5 $4 (45... Rxf5+ $142 {ist gerade noch spielbar} 46. gxf5+ Kxf5 47.
Nxa5 h5 $11) 46. Nxe5+ $18 fxe5 47. Ke4 Rc5 (47... Rd8 {wäre noch eine kleine
Chance} 48. Rxe5 Rd6 49. Rxa5 Rc6 $18) 48. Rxe5 d3 49. Rxe6+ Kf7 50. Rd6 (50.
Rxh6 d2 51. Rxd2 Kg7 52. Rb6 Rc7 53. Rbd6 Kf7 54. Rd7+ Rxd7 55. Rxd7+ Ke6 56.
Rd5 Kf6 57. Rd6+ Kf7 58. Ke5 a4 59. bxa4 Ke7 60. a5 Kf7 61. Rd7+ Kf8 62. a6 Ke8
63. Rb7 Kf8 64. a7 Kg8 65. a8=Q#) 50... Rc2 1-0

[Event "OWL-EM 2014"]
[Site "?"]
[Date "2014.04.24"]
[Round "2"]
[White "Schrader, Elanor"]
[Black "Burova, Julia"]
[Result "1/2-1/2"]
[WhiteElo "1750"]
[BlackElo "1395"]
[Annotator "Stockfish Engine"]
[PlyCount "76"]
[SourceDate "2014.04.23"]

{B01: Skandinavische Verteidigung} 1. e4 d5 2. exd5 Qxd5 3. Nc3 Qa5 4. d4 Nf6
5. Nf3 Bg4 {letzter Buchzug} 6. g3 (6. h3 Bxf3 7. Qxf3 c6 $14) 6... c6 {
Befestigt b5} (6... Nc6 7. h3 Bxf3 8. Qxf3 $15) 7. Bg2 Nbd7 8. O-O e6 {
Verhindert das Eindringen auf d5} 9. Bf4 Nh5 {Weiß hat eine aktive Stellung} (
9... Qh5 10. Qd3 $11) 10. Bd2 $14 Nhf6 11. Re1 Qc7 (11... Qh5 12. Ne4 $14) 12.
Ne2 Bd6 13. c4 Rd8 14. c5 {Weiß droht Materialgewinn: c5xd6} Be7 15. b4 Nd5 16.
Qb3 {Weiß hat eine aktive Stellung} N7f6 (16... O-O $5 $14) 17. Ne5 $16 Bf5 18.
b5 Ne4 (18... O-O $5 $14) 19. Bxe4 $16 Bxe4 20. Nf4 (20. bxc6 $5 bxc6 21. Qa4
$16) 20... Nxf4 $14 21. Bxf4 (21. Rxe4 Rxd4 22. Rxf4 Rxd2 (22... Qxe5 $4 {
Schwarz kann den Springer nicht nehmen} 23. Bc3 Bxc5 24. bxc6 bxc6 25. Qb2 $18)
23. Nxf7 Rf8 24. Qxe6 Qd7 $14) 21... Bd5 $11 {Schwarz droht Materialgewinn:
Ld5xb3. Dort fühlt sich der schwarze Läufer wohl} 22. Qa4 (22. Qd1 $142 Qc8 23.
a4 $11) 22... cxb5 (22... g5 23. Bd2 f6 24. Nd3 $15) 23. Qxa7 $4 {Weiß hat
neue hängende Bauern: c5+d4. danach kann Weiß alle Träume begraben} (23. Qxb5+
$142 $5 Bc6 24. Nxc6 Qxc6 25. Rab1 Qxb5 26. Rxb5 $16) 23... Qc8 (23... g5 $5 {
ist erwägenswert} 24. Bd2 f6 $15) 24. Qb6 $11 Bc6 (24... O-O 25. Qxb5 f6 26.
Nc4 $11) 25. Rad1 (25. a4 $5 {ist zu überlegen} bxa4 26. Nxc6 Qxc6 27. Qxc6+
bxc6 28. Rxa4 $14) 25... O-O $11 26. Nxc6 bxc6 (26... Qxc6 $142 27. h4 h6 $11)
27. Be5 $4 {wirft den Vorteil weg} (27. d5 $142 {ist noch spielbar} Rxd5 28.
Rxd5 cxd5 29. c6 $14) 27... Rd7 28. Qa5 Qa8 29. Qxa8 (29. Qd2 Ra7 $17) 29...
Rxa8 30. Re2 (30. Rd2 f6 31. Bf4 e5 $19) 30... Ra4 (30... f6 31. Bd6 Bxd6 32.
cxd6 Rxd6 33. Rc2 $19) 31. Red2 (31. Rde1 Rda7 $17) 31... Rda7 32. Ra1 Rd7 33.
Re2 (33. Rad1 g5 34. Kg2 $19) 33... Kf8 $17 34. Rc1 (34. h4 Rda7 $17) 34... Bd8
(34... g5 35. g4 $19) 35. Rcc2 (35. Kg2 f6 36. Bf4 Kf7 $19) 35... Bc7 (35... f6
36. Bd6+ Kf7 37. Red2 $19) 36. Kg2 (36. h4 Bd8 $17) 36... Bxe5 $19 37. dxe5 Rd5
38. Kh3 (38. h4 Ra3 $17) 38... Rc4 1/2-1/2

[Event "OWL-EM 2014"]
[Site "?"]
[Date "2014.04.25"]
[Round "3"]
[White "Brinkmann, Andrea"]
[Black "Schrader, Elanor"]
[Result "1/2-1/2"]
[WhiteElo "1759"]
[BlackElo "1750"]
[Annotator "Stockfish Engine"]
[PlyCount "80"]
[SourceDate "2014.04.23"]

{A05: Übergänge in verschiedene Eröffnungen} 1. e4 c5 2. Nf3 Nc6 3. d3 g6 4. g3
Bg7 5. Bg2 d6 6. c3 Nf6 7. O-O O-O {letzter Buchzug} 8. a3 {Befestigt b4} a5 9.
a4 Qb6 10. Na3 Be6 11. Nd2 Ne5 (11... d5 12. exd5 Bxd5 13. Bh3 $14) 12. Qe2 {
Die weiße Figur kann nicht ziehen: c1} (12. f4 Nc6 $16) 12... Nfd7 13. Nb5 {
Der Springer ist gut plaziert} Rac8 (13... Nf6 $142 $5 $16) 14. d4 $18 cxd4 15.
cxd4 Bc4 (15... Bg4 16. f3 Nc6 17. Kh1 Nxd4 18. Nxd4 Bxd4 19. fxg4 $18) 16.
Nxc4 Nxc4 17. b3 (17. Bh3 $142 $5 Qd8 18. b3 $18) 17... Bxd4 $16 18. bxc4 Bxa1
19. Be3 Qc6 20. Rxa1 Qxc4 21. Qb2 {Die schwarze Königssicherheit hat sich
verschlechtert} (21. Qe1 Ne5 $16) 21... Qc2 $14 22. Qa3 Nc5 $2 {[%cal Rc2a4,
Rc5a4,Ga3a4] Greift den Isolani a4 an} (22... Ne5 $142 {ist noch spielbar} 23.
Nd4 Qd3 24. Qxd3 Nxd3 $14) 23. e5 $1 $18 {Hinlenkung: e5} dxe5 24. Rc1 Qxa4 25.
Bxc5 $4 {danach wendet sich das Blatt} (25. Rxc5 $142 {mit klarem Vorteil für
Weiß} Qxa3 26. Nxa3 Rxc5 27. Bxc5 $18) 25... Qxb5 $11 26. Bxe7 (26. Bh3 e6 $11)
26... Rfe8 $15 27. Bf6 $2 (27. Bc5 $5 {ist interessant} a4 28. Bf1 $15) 27...
Qb4 (27... h6 28. Rxc8 Rxc8 29. Be4 $19) 28. Rxc8 (28. Ra1 $5 Qxa3 29. Rxa3
Rc1+ 30. Bf1 $17) 28... Rxc8 $19 (28... Qxa3 29. Rxe8+ Qf8 30. Rxf8+ Kxf8 31.
Bxb7 $18) 29. Qd3 (29. Qa1 $142 Qc3 30. Qa4 Qc1+ 31. Bf1 $19) 29... Qd4 $4 {
Schwarz droht Materialgewinn: Dd4xd3. danach kann Schwarz alle Träume begraben}
(29... Qc4 $142 {und die Waage neigt sich zugunsten von Schwarz} 30. Qf3 Qc1+
31. Bf1 Qc6 $19) 30. Qb5 (30. Qb1 $142 Qc4 31. Bg5 $17 (31. Bxb7 $2 {übersieht}
Qc1+ 32. Qxc1 Rxc1+ 33. Kg2 Rc5 $19) (31. Qxb7 $143 Qc1+ 32. Bf1 Qc6 33. Qxc6
Rxc6 34. Bxe5 a4 $17)) 30... b6 $4 {wirft den Vorteil weg} (30... Qc5 $142 31.
Qxb7 Qc1+ 32. Bf1 Qc6 33. Qxc6 Rxc6 34. Bxe5 a4 $17) 31. Bb7 $14 {Weiß droht
Materialgewinn: Lb7xc8} Rf8 32. Bxe5 (32. Qxe5 $2 Qxe5 33. Bxe5 Rd8 $19) 32...
Qc5 33. Qb2 Re8 {Schwarz droht Materialgewinn: Te8xe5} 34. Bh8 {Weiß droht Matt
} Qf8 35. Bd4 {Weiß droht Materialgewinn: Ld4xb6} (35. Bc3 Qd6 $14) 35... Re6 (
35... Qb4 36. Qxb4 axb4 37. Kf1 $11 (37. Bxb6 Rb8 38. Bf3 Rxb6 $19)) 36. Qc3 (
36. Bd5 $142 Re1+ 37. Kg2 $14) 36... h5 $2 (36... Qd8 37. Bf3 $14) 37. Qc7 $4 {
vergibt den Vorteil} (37. Bd5 $142 {und Weiß bekommt die Oberhand} Rd6 38. Qf3
$18) 37... Qd6 {Schwarz droht Materialgewinn: Dd6xc7} (37... Qe7 38. Qb8+ (38.
Bxb6 $2 {ist ein Schlag ins Wasser} Qxc7 39. Bxc7 Re7 40. Bxa5 Rxb7 $19) 38...
Qe8 39. Qc7 $11) 38. Qc8+ $14 Qf8 39. Qc7 Qd6 {Zweifache Stellungswiederholung}
40. Qc8+ Qf8 1/2-1/2

[Event "OWL-EM 2014"]
[Site "?"]
[Date "2014.04.25"]
[Round "3"]
[White "Burova, Julia"]
[Black "Schwarze, Marianne"]
[Result "0-1"]
[WhiteElo "1395"]
[BlackElo "1406"]
[Annotator "Stockfish Engine"]
[PlyCount "92"]
[SourceDate "2014.04.23"]

{C45: Schottische Partie} 1. e4 e5 2. Nf3 Nc6 3. d4 exd4 4. Nxd4 Qf6 5. Nxc6 {
letzter Buchzug. Weiß gewinnt eine Figur} Qxc6 {Die schwarze Figur kann nicht
ziehen: c8} (5... Bc5 6. Qf3 bxc6 7. Nd2 $11) 6. Bd3 $14 d6 (6... Bc5 7. Nc3
Ne7 8. O-O $14) 7. Be3 {Schwarz hat Entwicklungsrückstand} Nf6 8. f3 {Der
Gegner darf nicht nach g4} (8. O-O Be7 $14) 8... Be7 (8... d5 9. Qe2 a6 10. e5
$14) 9. Nc3 a6 {Überdeckt b5} 10. Qd2 Be6 11. O-O-O h6 {Verhindert das
Eindringen auf g5} 12. Rhe1 Nd7 (12... O-O-O 13. Bf1 Nd7 14. Kb1 $14) 13. Bd4 (
13. Nd5 Bh4 14. g3 Bd8 $16) 13... Ne5 (13... Bf6 14. Be2 $14) 14. Bf1 (14. f4
Nxd3+ 15. Qxd3 f6 $16) 14... O-O (14... Bh4 15. f4 O-O-O 16. Re3 $16 (16. fxe5
$143 dxe5 17. Nd5 exd4 18. Qxd4 Kb8 $17)) 15. f4 Nc4 (15... Nd7 16. f5 Bc4 17.
Nd5 $16) 16. Bxc4 (16. Qd3 Nb6 $18) 16... Bxc4 $16 17. b3 Be6 18. Nd5 {Weiß
droht Materialgewinn: Sd5xe7} (18. Re3 f6 $16) 18... Bd8 19. Qc3 (19. Bb2 $5
Bxd5 20. exd5 $16) 19... Qxc3 $11 20. Bxc3 c6 {Schwarz droht Materialgewinn:
c6xd5} (20... Re8 $5 $11) 21. Ne3 $16 Bc7 22. g3 (22. f5 $5 Bc8 23. Nc4 $16)
22... f6 $11 {Deckt e5} 23. Nf5 Bxf5 24. exf5 {Weiß hat neue Doppelbauern:
f4+f5.} Kf7 25. Re2 Rfe8 26. Rde1 Rxe2 27. Rxe2 Re8 {Schwarz droht
Materialgewinn: Te8xe2} 28. Kd2 Bb6 29. h4 (29. Rxe8 Kxe8 30. Kd3 Kd7 $11)
29... h5 $15 30. Rxe8 Kxe8 {Ein Läuferendspiel ist entstanden} 31. Ke2 d5 32.
Be1 Kd7 33. Bf2 $4 (33. a4 $142 $15 {ist die einzige Rettung}) 33... Bxf2 $19
34. Kxf2 Kd6 35. Ke3 (35. g4 Kc5 36. g5 $19) 35... c5 36. Kd3 b5 37. a3 a5 38.
c3 Kc6 (38... c4+ {ist genauer} 39. bxc4 bxc4+ 40. Ke3 $19) 39. b4 axb4 40.
axb4 Kd6 41. Ke3 Kc6 42. Kd3 d4 43. bxc5 Kxc5 44. cxd4+ Kd5 45. Kc3 b4+ $1 {
Ablenkung: b4} 46. Kxb4 Kxd4 0-1